Statistics for Animals Beginning with 'B' - Pictures

Click here to take the quiz!

General Stats

  • This quiz has been taken 74 times
    (56 since last reset)
  • The average score is 13 of 20

Answer Stats

Answer % Correct
Black Bear
95%
Bat
90%
Baboon
88%
Badger
85%
Beaver
83%
Bumblebee
80%
Bald Eagle
80%
Boar
78%
Bison
78%
Bobcat
75%
Buffalo
75%
Blue Whale
73%
Barn Owl
70%
Bluebird
60%
Barracuda
58%
Beluga Whale
55%
Booby
35%
Bed Bug
28%
Bandicoot
13%
Brolga
10%

Score Distribution

Percentile by Number Answered

Percent of People with Each Score

Your Score History

You have not taken this quiz since the last reset